00774nam a2200253 a 450000100060000000300080000600500170001400800410003102000150007202000150008703500130010203500190011504000320013404100080016608200200017410000340019424500470022825000120027526000460028730000250033365000450035865000680040365000490047120409BD-RjUL20211209000548.0140227r19681966enk 000 0 eng d a0416578101 a0416694608 a66-75478 a(BD-RjUL)20471 aDLCcYNGdSERdBD-RjULbeng aeng a821.3bLEE 19681 aLever, J. W.q(Julius Walter)14aThe Elizabethan love sonnet /cJ.W. Lever. a2nd ed. aLondon :bMethuen,c1966 [reprinted 1968] axi, 282 p. ;c22 cm. 0aSonnets, EnglishxHistory and criticism. 0aEnglish poetryyEarly modern, 1500-1700xHistory and criticism. 0aLove poetry, EnglishxHistory and criticism.